• 首页
  • 本馆介绍
  • 公告通知
  • 最新文献
  • 馆藏检索
  • 电子资源
  • 读者导购
  • 参考咨询
  • 我的图书馆
  • 登录
  • 详细信息显示
  • 放入我的书架
  • 预约/预借图书
  • 作者相关作品
  • 分类相关作品
  • 丛书相关作品
  • 出版社相关作品

书目信息

  • 表格格式
  • 工作单格式
  • 卡片格式
题名:
洪湖赤子
    
 
作者: 傅俊生 著
分册:  
出版信息: 长沙   湖南少年儿童出版社  1983
页数: 196页
开本: 19cm
丛书名: 革命先辈的故事丛书
单 册:
中图分类: I287.51
科图分类:
主题词: 儿童文学-故事--中国--现代 , 故事-儿童文学--中国--现代
电子资源:
ISBN:
000 00738nam2 2200265 45
001 0183010552
005 20060809091936.00
010    @dCNY0.49
091    @aR10280.63
100    @a19950524d1983 demy0chiy0121 ea
101 0  @achi
102    @aCN@b430000
105    @ay z 000fd
200 10 @a洪湖赤子@Ahong hu chi zi@f傅俊生著
210    @a长沙@c湖南少年儿童出版社@d1983
215    @a196页@d19cm
225 2  @a革命先辈的故事丛书
410  0 @120010@a革命先辈的故事丛书
606    @a儿童文学-故事@y中国@z现代
606    @a故事-儿童文学@y中国@z现代
690    @aI287.51@v3
701  0 @a傅俊生@Afu jun sheng@4著
801  2 @aCN@bNLC@c20060809
801  0 @aCN@b上海图书馆@c20040408
905    @f1@b90601@dI287.51@e108@b90600@f1
    
    洪湖赤子/傅俊生著.-长沙:湖南少年儿童出版社,1983
    196页;19cm.-(革命先辈的故事丛书)
    
    
    ISBN :CNY0.49
    
●
相关链接 在E读中查询图书 在五车中查询图书 在当当中查询图书 在豆瓣中查询图书


正题名:洪湖赤子     索取号:I287.51/108         预约/预借

序号 登录号 条形码 馆藏地/架位号 状态 备注
1 0090600   000350364   密集书库/ [索取号:I287.51/108] 在馆    
2 0090601   000350373   第二借阅区/ [索取号:I287.51/108] 在馆    
3 0090602   000350355   第一样本阅览室/ [索取号:I287.51/108] 在馆    
4 0450570   204505703   密集书库/ [索取号:I287.51/108] 在馆    
唐山师范学院图书馆 欢迎您!
大连网信软件有限公司© 版权所有